000 00381nam a2200157Ia 4500
008 230917s9999||||xx |||||||||||||| ||und||
020 _cRS29
040 _e2904
_aMAIN
041 _aEnglish
082 _a342.7 C819C
100 _aCorwin, Edward S
245 0 _aConstitution and what it means today
260 _aDelhi
_bSterling
_c1966
300 _axvi, 344 p.
942 _cBK
999 _c198233
_d198233